000 00634nam a2200205 4500
001 144568
003 ES-MaACL
005 20260220164608.0
007 t|
008 070214s1954 sp r ||||1| spa d
100 1 _aSimenon, Georges,
_d1903-1989
_9106467
245 1 4 _aLos fugitivos
_b: novela /
_cGeorges Simenon ; traducción de F. Cañameras.
260 _aBarcelona :
_bAlbor,
_c1954.
300 _a181 p. ;
_c19 cm.
490 1 _aCol. albor ;
_v32
700 1 _aCanyameres, Ferran,
_d1898-1964
_934731
830 0 0 _aColección Albor
_v32
_9241746
852 _aES-MaACL
_jC-8848
_bR.36626
999 _c144568
_d144568